LEADER 00588nam a2200169 i 4500 001 000000154328 003 CaOOAMICUS 005 20061016000000.0 008 061016s1966 it u000 u ita u 013 $a131674 040 $aSeMil$bita 245 10$aTomo secondo. 773 0 $aPope-Hennessy, John <1913-1994>$tScultura italiana.$dMilano : Feltrinelli, 1966.$gVolume3$w()16586 773 0 $tCinquecento e il Barocco.$w()16587 850 $aSeMil 852 $aSeMil$W1$xVenegono$y1$m5R VII 15$j106188$B106188$CSeMilBibl$Z2$F115380 $81 996 $6245$aTomo secondo$9(OLS)http://semarc/title/54511 LEADER 00464nab a2200145 i 4500 001 000000317752 003 CaOOAMICUS 005 20180831173234.0 008 180831n xx uu u0 0fre r 013 $a26973 040 $aSeMil$bita 245 10$aBulletin d'islamologie 5. 700 1 $aPisani, Emmanuel .$0(OLS)http://semarc/name/87310 773 0 $t[SENZA TITOLO]. - Contiene.$gp.[529]-547$w()275048 996 $6245$aBulletin d'islamologie 5.$9(OLS)http://semarc/title/391678